Normal view
MARC view
- Servomechanisms and regulating system design
Entry Topical Term
001 - CONTROL NUMBER
- control field: 111718
003 - CONTROL NUMBER IDENTIFIER
- control field: NUST
005 - DATE AND TIME OF LATEST TRANSACTION
- control field: 20230404115104.0
008 - FIXED-LENGTH DATA ELEMENTS
- fixed length control field: 230404|| aca||aabn | a|a d
040 ## - CATALOGING SOURCE
- Original cataloging agency: NUST
- Transcribing agency: NUST
150 ## - HEADING--TOPICAL TERM
- Topical term or geographic name entry element: Servomechanisms and regulating system design
670 ## - SOURCE DATA FOUND
- Source citation: Work cat.: (NUST)183969: Chestnut, Harold 44464, Servomechanisms and regulating system design /, 1959
